书目信息 |
| 题名: |
公报行政案例中的法理
|
|
| 作者: | 章志远 , 黄娟 主编 | |
| 分册: | ||
| 出版信息: | 北京 中国人民大学出版社 2022.08 |
|
| 页数: | 302页 | |
| 开本: | 23cm | |
| 丛书名: | ||
| 单 册: | ||
| 中图分类: | D922.115 | |
| 科图分类: | ||
| 主题词: | 法律--中国 | |
| 电子资源: | ||
| ISBN: | 978-7-300-30727-5 | |
| 000 | 00676nam0 2200205 450 | |
| 001 | 2356396456 | |
| 005 | 20230911100216.67 | |
| 010 | @a978-7-300-30727-5@b精装@dCNY88.00 | |
| 100 | @a20230907d2022 km y0chiy0120 ea | |
| 101 | 0 | @achi |
| 102 | @aCN@b110000 | |
| 200 | 1 | @a公报行政案例中的法理@AGong Bao Xing Zheng An Li Zhong De Fa Li@f章志远,黄娟主编@FZhang Zhi Yuan,Huang Juan Zhu Bian |
| 210 | @a北京@c中国人民大学出版社@d2022.08 | |
| 215 | @a302页@d23cm | |
| 606 | 0 | @a法律@x中国 |
| 690 | @aD922.115@v4 | |
| 701 | 0 | @a章志远@AZhang Zhi Yuan@4主编 |
| 701 | 0 | @a黄娟@AHuang Juan@4主编 |
| 801 | 0 | @aCN@b大连网信软件有限公司图书馆·11@c20230911 |
| 905 | @aZUCC@dD922.115@e2325 | |
| 公报行政案例中的法理/章志远,黄娟主编.-北京:中国人民大学出版社,2022.08 |
| 302页;23cm |
| ISBN 978-7-300-30727-5(精装):CNY88.00 |
| ● |
| 相关链接 |
|
|
|
|
正题名:公报行政案例中的法理
索取号:D922.115/2325
 
预约/预借
| 序号 | 登录号 | 条形码 | 馆藏地/架位号 | 状态 | 备注 |
| 1 | 1052963 | 210529631 | 第一样本阅览室/ [索取号:D922.115/2325] | 在馆 |